A külügyi szolgálatra készülők képzési programjának vizsgálata
| Szerző: | |
|---|---|
| További közreműködők: | |
| Dokumentumtípus: | Diplomadolgozat |
| Kulcsszavak: | képzések Interkultuális kommunikáció CQ |
| Online Access: | http://dolgozattar.uni-bge.hu/21201 |
MARC
| LEADER | 00000nta a2200000 i 4500 | ||
|---|---|---|---|
| 001 | dolg21201 | ||
| 005 | 20190514085523.0 | ||
| 008 | 190514suuuu hu om 000 hun d | ||
| 040 | |a BGE Dolgozattár Repozitórium |b hun | ||
| 041 | |a hu | ||
| 100 | 1 | |a Balassa Zsuzsanna | |
| 245 | 1 | 2 | |a A külügyi szolgálatra készülők képzési programjának vizsgálata |c Balassa Zsuzsanna |h [elektronikus dokumentum] |
| 695 | |a képzések | ||
| 695 | |a Interkultuális kommunikáció | ||
| 695 | |a CQ | ||
| 700 | 1 | |a Krajcsák Dr. Zoltán |e ths | |
| 700 | 1 | |a Kiss dr. Nikoletta |e ths | |
| 856 | 4 | 0 | |u http://dolgozattar.uni-bge.hu/21201/1/A%20k%C3%BCl%C3%BCgyi%20szolg%C3%A1latra%20k%C3%A9sz%C3%BCl%C5%91k%20k%C3%A9pz%C3%A9si%20programj%C3%A1nak%20vizsg%C3%A1lata.pdf |z Dokumentum-elérés |